00423pab a2200145 454500008004000000100002300040245004600063260000900109300001500118362001100133650003300144650003800177650002800215773003400243180718b1996 xxu||||| |||| 00| 0 eng d aSanghavi, Nagindas aGujarat-President's rule: temporary quiet c1996 ap.2588-590 a21 Sep aPresidents - India - Gujarat aGujarat - Politics and government aPolitics and government aEconomic and Political Weekly